000 01265nam a2200277Ia 4500
999 _c5111
_d5111
003 OSt
005 20200329031919.0
008 191128s2013 sp a gr 000 0 spa d
020 _a9788430958313
040 _aCO-JMCR
_cCO-JMCR
041 0 _aspa
082 0 4 _a320.6 /
_bH173a
_221
100 1 _aHarguindéguy, Jean-Baptiste,
_eautor
_92127
245 1 0 _aAnálisis de políticas públicas /
_cJean-Baptiste Harguindéguy
260 _aMadrid :
_bTecnos,
_c2013
300 _a285 páginas :
_bilustraciones a blanco y negro ;
_c24 cm.
504 _aBibliografía: páginas 261-281
505 0 _aLas diferentes fases del ciclo de políticas pública -- Los debates contemporáneos sobre las políticas públicas -- El análisis de políticas públicas en la práctica
520 _aEl análisis de políticas pública es hoy en día una asignatura consolidada en España. Sin embargo, todavía faltaba un manual que recogiese la información por y para la docencia y la investigación básica.
650 1 4 _aPolítica pública
_91848
650 1 4 _aAnálisis
_xpolítica pública
_92128
650 1 4 _aEstratégias
_xpolítica pública
_92129
650 1 4 _aPolítica pública
_xinfluencia
_92130
650 2 4 _aToma de decisiones
_9283
942 _2ddc
_cBK